[Event "Montreal Fete du travail"]
[Site "Montreal"]
[Date "2007.09.03"]
[Round "5"]
[White "Noriega, Harold"]
[Black "Cote, Philippe"]
[Result "1/2-1/2"]
[WhiteElo "1810"]
[BlackElo "1704"]
[PlyCount "81"]
[EventDate "2007.09.01"]
[EventType "swiss"]
[EventRounds "5"]
[EventCountry "CAN"]
[SourceTitle "EXT 2022"]
[Source "ChessBase"]
[SourceDate "2021.10.06"]
[SourceVersion "1"]
[SourceVersionDate "2021.10.06"]
[SourceQuality "1"]

1. e4 d6 2. d4 Nf6 3. Nc3 g6 4. f3 Bg7 5. Be3 c6 6. Qd2 b5 7. 0-0-0 0-0 8. Kb1 b4 9. Nce2 a5 10. Nc1 Re8 11. g4 Ba6 12. Nge2 Qc7 13. h4 h5 14. gxh5 Nxh5 15. Rg1 Nd7 16. Bh6 Ndf6 17. Bxg7 Kxg7 18. Nd3 Bxd3 19. cxd3 e5 20. f4 c5 21. Rc1 Qe7 22. fxe5 dxe5 23. dxc5 Red8 24. Qe3 Rac8 25. Ng3 Nxg3 26. Rxg3 Nh5 27. Rg5 Nf4 28. Qg1 f6 29. Rg3 Qd7 30. Qe3 Rc6 31. Rc4 Qf7 32. d4 Nh5 33. Be2 Nxg3 34. Qxg3 Rxd4 35. Rc1 Kh7 36. Qf3 Qe7 37. h5 g5 38. Qf5+ Kg8 39. Bb5 Rxc5 40. Qg6+ Kf8 41. Rxc5 1/2-1/2

[Event "Montreal Fete du travail"]
[Site "Montreal"]
[Date "2007.09.02"]
[Round "3"]
[White "Noriega, Harold"]
[Black "Gauthier, Luc"]
[Result "1/2-1/2"]
[WhiteElo "1810"]
[BlackElo "1684"]
[PlyCount "118"]
[EventDate "2007.09.01"]
[EventType "swiss"]
[EventRounds "5"]
[EventCountry "CAN"]
[SourceTitle "EXT 2022"]
[Source "ChessBase"]
[SourceDate "2021.10.06"]
[SourceVersion "1"]
[SourceVersionDate "2021.10.06"]
[SourceQuality "1"]

1. e4 Nf6 2. e5 Nd5 3. d4 d6 4. c4 Nb6 5. exd6 exd6 6. Nc3 Be7 7. a3 Bf6 8. Be3 Nc6 9. Be2 0-0 10. Nf3 Bg4 11. b3 Re8 12. 0-0 d5 13. c5 Nc8 14. h3 Bxf3 15. Bxf3 N6e7 16. Qd3 c6 17. Rae1 Ng6 18. Bd1 Nf8 19. Bc2 Ne7 20. f4 g6 21. g4 Bh4 22. Re2 f5 23. Bd2 Qd7 24. g5 Ne6 25. Nd1 Kf7 26. Ne3 h6 27. gxh6 Bf6 28. Bc3 Rh8 29. Ng2 Rxh6 30. Rfe1 Ng7 31. Re3 Rah8 32. Bd1 Qc7 33. b4 Nh5 34. Bxh5 Rxh5 35. Rf3 a6 36. a4 Re8 37. Qe2 Qd7 38. Re3 Rhh8 39. Rf1 Nc8 40. Rff3 Rxe3 41. Rxe3 Re8 42. Ne1 Re4 43. Nd3 Qe6 44. Rxe4 fxe4 45. Nf2 Ne7 46. Ng4 Bg7 47. Kg2 Nf5 48. Ne5+ Bxe5 49. fxe5 Nh4+ 50. Kg3 Nf3 51. Qe3 Qf5 52. Qh6 Qg5+ 53. Qxg5 Nxg5 54. Kg4 Ne6 55. h4 Kg7 56. Bb2 Kh6 57. Bc1+ Kg7 58. Bb2 Kh6 59. Bc1+ Kg7 1/2-1/2

[Event "Montreal Mercredi 05"]
[Site "Montreal"]
[Date "2007.06.06"]
[Round "4"]
[White "Millette, Sylvain"]
[Black "Noriega, Harold"]
[Result "1/2-1/2"]
[WhiteElo "1655"]
[BlackElo "1740"]
[PlyCount "54"]
[EventDate "2007.05.16"]
[EventType "swiss"]
[EventRounds "6"]
[EventCountry "CAN"]
[SourceTitle "EXT 2022"]
[Source "ChessBase"]
[SourceDate "2021.10.06"]
[SourceVersion "1"]
[SourceVersionDate "2021.10.06"]
[SourceQuality "1"]

1. Nf3 Nf6 2. g3 d5 3. Bg2 g6 4. 0-0 Bg7 5. d4 0-0 6. Bf4 Nh5 7. Bd2 c5 8. c3 cxd4 9. cxd4 Nc6 10. e3 Bg4 11. Bc3 Qd7 12. Nbd2 Rac8 13. Rc1 Rfd8 14. Qc2 Bh3 15. Qd3 Bxg2 16. Kxg2 Nf6 17. Rc2 Ne8 18. Rfc1 Nd6 19. b3 e6 20. Ne5 Nxe5 21. dxe5 Nb5 22. Bb2 a6 23. Nf3 Rxc2 24. Qxc2 Na7 25. Qc7 Nc6 26. Qxd7 Rxd7 27. Bd4 Bf8 1/2-1/2